00309nam a2200109Ia 4500008004000000082001500040100002600055245005200081260003500133300000800168650002300176210210b1990 xxu||||| |||| 00| 0 eng d a615.5 SHAW aSHARMA (Ashok Kumar). aWorld famous systems of medicine and therapies. aNDbFamily books pvt ltdc1990 a136 amedicine therapies